[Event "GER-chT U18 Girls"]
[Site "Germany"]
[Date "2012.05.05"]
[Round "5.4"]
[White "Abed, Sarah"]
[Black "Esemann, Charlotte"]
[Result "1-0"]
[WhiteElo "800"]
[BlackElo "800"]
[PlyCount "97"]
[EventDate "2012.05.04"]
[EventType "team-swiss"]
[EventRounds "7"]
[EventCountry "GER"]
[SourceTitle "EXT 2014"]
[Source "ChessBase"]
[SourceDate "2013.11.20"]
[SourceVersion "1"]
[SourceVersionDate "2013.11.20"]
[SourceQuality "1"]
[WhiteTeam "Waiblingen (W)"]
[BlackTeam "Broderstorf SadC (W)"]
[WhiteTeamCountry "GER"]
[BlackTeamCountry "GER"]

1. e4 e5 2. d4 exd4 3. Qxd4 Nc6 4. Qa4 Nce7 5. Nc3 Ng6 6. Nf3 Be7 7. Bc4 Bf6 8. Nd5 Bg5 9. Nxg5 Nh6 10. Nf4 0-0 11. Nxg6 hxg6 12. 0-0 c6 13. Qb3 b5 14. Bf4 c5 15. Bxb5 a6 16. Bc4 d6 17. Rad1 Be6 18. Bxd6 Re8 19. Nxe6 Qb8 20. Nc7 Ra7 21. Nxe8 Qa8 22. Nc7 Qc8 23. Bxa6 Qd8 24. Bxc5 Qxc7 25. Bxa7 Qxa7 26. Bb5 Qb7 27. Rfe1 Kh7 28. Rd7 Qb8 29. e5 g5 30. Bc4 Qxb3 31. axb3 g4 32. Bxf7 Nf5 33. c4 Kh6 34. Rd6+ Nxd6 35. exd6 Kg5 36. d7 Kf6 37. d8R g5 38. Re6+ Kf5 39. Rg6 Ke5 40. Rxg5+ Ke4 41. Rxg4+ Ke5 42. Rd5+ Kf6 43. Rh4 Kg7 44. Be6 Kg6 45. Bh3 Kf7 46. Re5 Kg6 47. Rf5 Kg7 48. Rg4+ Kh8 49. Rh5# 1-0

[Event "GER-chT U18 Girls"]
[Site "Germany"]
[Date "2012.05.05"]
[Round "6.4"]
[White "Abed, Sarah"]
[Black "Severing, Lynn"]
[Result "0-1"]
[WhiteElo "800"]
[BlackElo "800"]
[PlyCount "72"]
[EventDate "2012.05.04"]
[EventType "team-swiss"]
[EventRounds "7"]
[EventCountry "GER"]
[SourceTitle "EXT 2014"]
[Source "ChessBase"]
[SourceDate "2013.11.20"]
[SourceVersion "1"]
[SourceVersionDate "2013.11.20"]
[SourceQuality "1"]
[WhiteTeam "Waiblingen (W)"]
[BlackTeam "Altenholz Gymn (W)"]
[WhiteTeamCountry "GER"]
[BlackTeamCountry "GER"]

1. e4 c5 2. Bb5 e6 3. Nf3 Nh6 4. Nc3 Be7 5. 0-0 0-0 6. d3 d6 7. d4 cxd4 8. Nxd4 a6 9. Bc4 b5 10. Bb3 Qc7 11. Bf4 Bb7 12. e5 Ng4 13. Qxg4 d5 14. a4 b4 15. Na2 a5 16. c3 Na6 17. cxb4 axb4 18. Bd2 Rfc8 19. Rac1 Bc5 20. Nc2 Bb6 21. Naxb4 Nc5 22. Be3 Qd8 23. Bh6 g6 24. Nd4 Nxa4 25. Ra1 Nxb2 26. Rxa8 Rxa8 27. Ndc6 Qc7 28. Rc1 Ra3 29. Nd4 Qxe5 30. Qg5 Qxg5 31. Bxg5 Bxd4 32. Rc2 Rxb3 33. Nd3 Rxd3 34. g3 Be5 35. Rc5 d4 36. Rb5 Rd1# 0-1